Detalles MARC
| 000 -CABECERA |
| campo de control de longitud fija |
03785nam a2200277 i 4500 |
| 001 - NÚMERO DE CONTROL |
| campo de control |
000004135 |
| 003 - IDENTIFICADOR DEL NÚMERO DE CONTROL |
| campo de control |
DO-SdBNP |
| 005 - FECHA Y HORA DE LA ÚLTIMA TRANSACCIÓN |
| campo de control |
20260129101454.0 |
| 007 - CAMPO FIJO DE DESCRIPCIÓN FÍSICA--INFORMACIÓN GENERAL |
| campo de control de longitud fija |
ta |
| 008 - DATOS DE LONGITUD FIJA--INFORMACIÓN GENERAL |
| campo de control de longitud fija |
290126m2009 dr r 001 0 spa d |
| 040 ## - FUENTE DE LA CATALOGACIÓN |
| Centro catalogador/agencia de origen |
DO-SdBNP |
| Lengua de catalogación |
spa |
| Centro/agencia transcriptor |
BNPHU |
| Normas de descripción |
rda |
| 041 ## - CÓDIGO DE LENGUA |
| Código de lengua del texto/banda sonora o título independiente |
spa |
| 082 #4 - NÚMERO DE LA CLASIFICACIÓN DECIMAL DEWEY |
| Número de clasificación |
xxx |
| Número de documento/Ítem |
C748a |
| Número de edición |
22 |
| 110 ## - ENTRADA PRINCIPAL--NOMBRE DE ENTIDAD CORPORATIVA |
| Nombre de entidad corporativa o nombre de jurisdicción como elemento de entrada |
Conferencia del Episcopado Dominicano. |
| 9 (RLIN) |
46310 |
| 245 10 - MENCIÓN DE TÍTULO |
| Título |
Anuncio del Kerygma : |
| Resto del título |
primera etapa de la misión continental |
| 264 ## - PRODUCCIÓN, PUBLICACIÓN, DISTRIBUCIÓN, FABRICACIÓN Y COPYRIGHT |
| Producción, publicación, distribución, fabricación y copyright |
Santo Domingo : |
| Nombre del de productor, editor, distribuidor, fabricante |
Plan Nacional de Pastoral, |
| Fecha de producción, publicación, distribución, fabricación o copyright |
2009 |
| 300 ## - DESCRIPCIÓN FÍSICA |
| Extensión |
224 páginas : |
| Otras características físicas |
ilustraciones ; |
| Dimensiones |
21 cm. |
| 336 ## - TIPO DE CONTENIDO |
| Término de tipo de contenido |
texto |
| Código de tipo de contenido |
txt |
| Fuente |
rdacontent |
| 337 ## - TIPO DE MEDIO |
| Nombre/término del tipo de medio |
sin mediación |
| Código del tipo de medio |
n |
| Fuente |
rdamedia |
| 338 ## - TIPO DE SOPORTE |
| Nombre/término del tipo de soporte |
volumen |
| Código del tipo de soporte |
nc |
| Fuente |
rdacarrier |
| 505 ## - NOTA DE CONTENIDO CON FORMATO |
| Nota de contenido con formato |
“ Vayan por todo el mundo y proclamen el Evangelio a toda creación’’ (Mc 16,15). Envío de los misioneros 11 – Organización de los quipos de misioneros a nivel zonal y parroquial 12 – Acto penitencial de los misioneros y misioneras en sus parroquias 14 – Celebración del envió de los misioneros 16 – Preparación espiritual de los misioneros celebración de la liturgia de las horas 16 – Dios quiere que todos y todas ‘’se salven y lleguen al conocimiento de la verdad’’ (1 Tm 1,4). Primera semana de la misión continental convocatoria de la comunidad 24 – Convocatoria de la comunidad 25 – Visitas a las casas promoción publicitaria de la misión 26 – Campaña de oración por la misión 28 – Dios quiere que todos y todas ‘’se salven y lleguen al conocimiento de la verdad’’ ( 1 Tm 1,4). Misión intensiva proclamación del Kerygma 30 – El inicio de la misión continental en las parroquias 31 – Visitas por las casas para anunciar el Kerygma durante la semana de la misión 37 – Proclamación del Kerygma en a casa de misión 39 – Primer tema en la casa de misión: el Señor no has invitado a encontramos con Él y a seguirlo 41 – Dios te ama. Dios nos ama 44 – Tercer tema en la casa misión: El pecado. Jesús ten compasión de mi 48 – Cuarto tema en la casa misión: Jesucristo, nuestro Salvador 53 –Quinto tema en la casa misión: Jesús espera tu respuesta: La fe 58 – Sexto tema en la casa misión: La conversión 61 – Séptimo tema en la casa misión: Jesús nos da el espíritu santo 66 – Rosario de la Aurora 71 – Jesús nos llama a vivir en la Iglesia 74 – Con todos los sectores misionados 79 – “ Yo soy el camino, la verdad y la vida” (Jn 14,6). Encuentro de preparación al retiro Kerygmático en la casa misión 80 – Encuentro de preparación al retiro Kerygmático 81 – “ Hagan discípulos a todas las gentes” (Mt 28,19). Retiro kerymático 85 Retiro de integración a la comunidad 86 – Encuentro con Jesucristo en la palabra 86 – Encuentro con Cristo en la Eucaristía “ Y sucedió que, cuando se puso a la mesa con ellos, tomo el pan, pronuncio la bendición, lo partió y se lo iba dando. Entonces se les abrieron os ojos y le reconocieron” (Lc 24, 30-31) 98 – Encuentro con Cristo en la comunidad y en el servicio, especialmente a los más pobres 107 – “ Se mantenían constantes en la enseñanza de los apóstoles, en la comunión, en la fracción del pan y en las oraciones” (Hch 2,42). Catequesis Kerygmáticas 124 – Metodología de preparación de las catequesis kerygmáticas, de la creación de la eucaristía dominical 125 – Catequesis Kerymáticas 135 – “ Si alguno quiere venir detrás de mí, niéguese a sí mismo, tome su cruz de cada día y sígame” (Lc 9,23). Encuentro del compromiso 202 – Encuentro del compromiso 203 -- ¿Cuál es tu nombre? 203 – ¿Qué pides a la iglesia de Dios? La fe 206 -- ¿Qué te da la fe? La vida eterna 213 |
| 590 ## - NOTA LOCAL (RLIN) |
| Nota local |
Inventariado 2026/DG |
| 650 ## - PUNTO DE ACCESO ADICIONAL DE MATERIA--TÉRMINO DE MATERIA |
| 9 (RLIN) |
76649 |
| 910 ## - DATOS DE OPCIÓN DEL USUARIO (OCLC) |
| Datos de opción del usuario |
DG |
| 942 ## - ELEMENTOS DE PUNTO DE ACCESO ADICIONAL (KOHA) |
| Fuente del sistema de clasificación o colocación |
Dewey Decimal Classification |
| Tipo de ítem Koha |
Libro |